Internet (Record no. 47865)

MARC details
000 -LEADER
fixed length control field 00417nam a22001457a 4500
008 - FIXED-LENGTH DATA ELEMENTS--GENERAL INFORMATION
fixed length control field 170113b xxu||||| |||| 00| 0 eng d
020 ## - INTERNATIONAL STANDARD BOOK NUMBER
International Standard Book Number 9781583402573
050 ## - LIBRARY OF CONGRESS CALL NUMBER
Classification number TK 5105.8
Item number I57C73 2004
100 ## - MAIN ENTRY--PERSONAL NAME
Personal name Craig, Tom
245 ## - TITLE STATEMENT
Title Internet
Remainder of title Technology, people, process/Tom Craig
Statement of responsibility, etc Craig, Tom
260 ## - PUBLICATION, DISTRIBUTION, ETC. (IMPRINT)
Place of publication, distribution, etc USA
Name of publisher, distributor, etc smart apple media
Date of publication, distribution, etc 2004
300 ## - PHYSICAL DESCRIPTION
Extent 64p
Other physical details som (col)
Dimensions 25cm
500 ## - GENERAL NOTE
General note includes index
942 ## - ADDED ENTRY ELEMENTS (KOHA)
Source of classification or shelving scheme Library of Congress Classification
Item type Book
Holdings
Withdrawn status Lost status Source of classification or shelving scheme Damaged status Not for loan Collection code Home library Current library Shelving location Date acquired Source of acquisition Cost, normal purchase price Total Checkouts Full call number Barcode Date last borrowed Copy number Price effective from Koha item type
    Library of Congress Classification     Non-fiction Nairobi Campus Nairobi Campus General Circulation 13/01/2017 Donation-BFA 500.00 2 TK 5105.8 I57C73 2004 049355 08/10/2019 1 13/01/2017 Book